| 000 | 00743nam a22002057a 4500 | ||
|---|---|---|---|
| 005 | 20251108170526.0 | ||
| 008 | 250721s2001 xx 000 0 ara d | ||
| 082 | 1 | 4 | _a659.1/جون |
| 100 | 1 | _aجونز، جون فيليب | |
| 245 | 1 | 0 |
_aالتسويق و الإعلان و أثرهما على المستهلك : _bدليل جديد على أن الإعلان يطلق المبيعات / |
| 264 | 1 |
_aالسعودية : _bمكتبة العبيكان، _c2001. |
|
| 300 | _a312ص. | ||
| 650 | 1 | 7 | _aالإعلان التجاري |
| 650 | 1 | 7 | _aإدارة المبيعات |
| 650 | 1 | 7 | _aالتسويق |
| 650 | 1 | 7 | _aالتجارة الخارجية |
| 700 | 1 |
_aالدجاني، هشام _eترجمة |
|
| 942 |
_2ddc _cBK |
||
| 999 |
_c42631 _d42631 |
||